| 000 | 00471nam a2200145Ia 4500 | ||
|---|---|---|---|
| 008 | 191108s9999 xx 000 0 und d | ||
| 020 | _a9.7803995114e+012 | ||
| 100 | _aAlejandro, Reynaldo | ||
| 245 |
_cReynaldo Alejandro .-- _aThe Philippine Cookbook / |
||
| 260 |
_aNew York : _bPerigee Books _c1985 |
||
| 300 |
_a256 pages : _bblack & white illustrations |
||
| 500 | _aIncludes glossary, appendix, and index. | ||
| 650 | _aCookbook | ||
| 650 | _aCooking-- Philipines | ||
| 999 |
_c362517 _d362517 |
||